| 000 | 01719nam0a2200397 4500 | ||
|---|---|---|---|
| 001 | RU\NLR\bibl\1270665 | ||
| 005 | 20250615134040.0 | ||
| 010 |
_a978-5-98180-546-2 _9200 |
||
| 021 |
_aRU _b2008-53683 _92972 |
||
| 035 | _a(nilc)EL/0000202720 | ||
| 035 | _aRU\LSL\Books\2526894 | ||
| 035 | _a(NLR Aleph) 001256539 | ||
| 090 |
_a352267 _c352267 |
||
| 100 | _a20080618d2008 |||y0rusy50 ca | ||
| 101 | 0 | _arus | |
| 102 | _aRU | ||
| 105 | _ay j ||||| | ||
| 200 | 1 |
_aПроективная психодиагностика. Графические тесты: особенности индивидуальной и групповой работы с испытуемыми _fМ. Е. Валиуллина |
|
| 210 |
_aКазань _cИзд-во Казан. гос. ун-та _d2008 |
||
| 215 |
_a220 с. _cтабл. _d21 |
||
| 300 | _aЗагл. обл.: Психодиагностика | ||
| 320 | _aБиблиогр.: с. 187-189 (46 назв.) | ||
| 512 | 1 |
_6z55790 _aПсиходиагностика |
|
| 606 | 1 |
_aПсиходиагностика _jУчебные издания для высших учебных заведений _xМетодика _92180503 _3RU\NLR\auth\661311301 |
|
| 686 |
_aЮ9с2/3 _vLBC/SL _2rubbk |
||
| 686 |
_a15 _2rugasnti |
||
| 686 | _aЮ9в6я73 | ||
| 700 | 1 |
_aВалиуллина _bМ. Е. _gМарина Евгеньевна _4070 |
|
| 790 | 1 |
_6z55512 _aВалиуллина _bМ. Е. _gМарина Евгеньевна _4070 |
|
| 801 | 0 |
_aRU _bНБ Казанского ГУ _c20080618 _gRCR |
|
| 801 | 1 |
_aRU _bНБ Казанского ГУ _c20080702 _gRCR |
|
| 801 | 2 |
_aRU _bNLR _c20080909 _grcr |
|
| 830 | _aавт. по кн. | ||
| 942 | _cBOOK | ||
| 980 | _aNB | ||